000 00544nam a2200181Ia 4500
005 20250508155353.0
008 008 250505s9999 xx 000 0 eng d
037 _aTextual
040 _aFEDL
_beng
_cFEDL
041 _aeng
_2eng
084 _a361.954, WAD
_qFEDL
100 _aWadia A.R. Ed.
_9766922
245 0 _aHistory and philosophy of : Social work in India
260 _aBombay, India
_bAllied Publishers Private Limited
_c1961
300 _axiii,522p.
942 _cTEXL
_h361.954, WAD
999 _c1356328
_d1356328